• 首页
  • 本馆介绍
  • 公告通知
  • 最新文献
  • 馆藏检索
  • 电子资源
  • 读者导购
  • 参考咨询
  • 我的图书馆
  • 登录
  • 详细信息显示
  • 放入我的书架
  • 预约/预借图书
  • 作者相关作品
  • 分类相关作品
  • 丛书相关作品
  • 出版社相关作品

书目信息

  • 表格格式
  • 工作单格式
  • 卡片格式
题名:
电焊工
    
 
作者: ;国家建委第六工程局《电焊工》编写组 编
分册:  
出版信息: 北京   中国建筑工业出版社  1973
页数: 140页
开本: 19cm
丛书名: 安装工人技术学习丛书
单 册:
中图分类: TG443
科图分类:
主题词: 电焊 , 焊接工艺
电子资源:
ISBN:
000 00778nam0 2200265 45 980
001 0639422812
005 20070730181053.98
010    @dCNY0.30
091    @a15040.3122
100    @a19970806d1973 em y0chiy0121 ea
101 0  @achi
102    @aCN@b110000
105    @aaf z 000yy
106    @ar
200 10 @a电焊工@Adian han gong@f国家建委第六工程局《电焊工》编写组编
210    @a北京@c中国建筑工业出版社@d1973
215    @a140页@c图,表@d19cm
225 2  @a安装工人技术学习丛书
410  0 @1 20010@a安装工人技术学习丛书
606    @a电焊
606 0  @a焊接工艺
690    @aTG443@v3
711 02 @a国家建委第六工程局《电焊工》编写组@4编@Aguo jia jian wei di liu gong cheng ju《 dian han gong》 bian xie zu
801 0  @c20070730
905    @a10447@dTG443@e16
    
    电焊工/国家建委第六工程局《电焊工》编写组编 .-北京:中国建筑工业出版社,1973
    140页:图,表;19cm .-(安装工人技术学习丛书 )
    
    
    ISBN :CNY0.30
    
●
相关链接 在E读中查询图书 在五车中查询图书 在当当中查询图书 在豆瓣中查询图书


正题名:电焊工     索取号:TG443/16         预约/预借

序号 登录号 条形码 馆藏地/架位号 状态 备注
1 0011176   001652820   第二样本阅览室/ [索取号:TG443/16] 在馆    
2 0438752   204387528   密集书库/ [索取号:TG443/16] 在馆    
3 0439099   204390998   密集书库/ [索取号:TG443/16] 在馆    
4 0787565   207875655   密集书库/ [索取号:TG443/16] 在馆    
唐山师范学院图书馆 欢迎您!
大连网信软件有限公司© 版权所有